Administración
Shranjeno v:
| Main Authors: | , , |
|---|---|
| Format: | Knjiga |
| Jezik: | španščina |
| Izdano: |
Ciudad de México
Prentice-Hall Hispanoamericana
1996
|
| Izdaja: | 4a. ed |
| Teme: | |
| Oznake: |
Označite
Brez oznak, prvi označite!
|
MARC
| LEADER | 00000nam a2200000 a 4500 | ||
|---|---|---|---|
| 001 | UCS8564 | ||
| 003 | CL-VaPUC | ||
| 008 | 971107e19960000MX |||||||||||||||||spa|d | ||
| 020 | |a 9688806854 | ||
| 082 | 0 | 4 | |a 658 |b STO |2 21 |
| 100 | 0 | |a Stoner, James A. F |e author |9 393371 | |
| 700 | 0 | |a Freeman, R. Edward |e author |9 393372 | |
| 700 | 0 | |a Gilbert, Daniel R |e author |9 393373 | |
| 245 | 1 | 0 | |a Administración |
| 250 | |a 4a. ed | ||
| 300 | |a 688 p | ||
| 942 | |c BK | ||
| 945 | |d 19971107 00:00:00 |a rleighto | ||
| 260 | |a Ciudad de México |b Prentice-Hall Hispanoamericana |c 1996 | ||
| 650 | 0 | |a Administración |9 259325 | |
| 650 | 0 | |a Administración de empresas |9 260833 | |
| 650 | 7 | |a PLANIFICACION |2 CL-VaPUC |9 260802 | |
| 650 | 0 | |a Gestión |9 260993 | |
| 650 | 0 | |a Toma de decisiones |9 257530 | |
| 650 | 0 | |a Recursos humanos |9 228420 | |
| 650 | 0 | |a Sistemas de información |9 260286 | |
| 583 | |a last modification |c 19971107 00:00:00 |k Rodrigo Vera | ||
| 999 | |c 262905 |d 262903 | ||
| 952 | |0 0 |1 0 |4 0 |6 658_000000000000000_STO_1996 |7 0 |8 A |9 291848 |a BIBENE |b BIBENE |d 2019-11-19 |i 3361497 |o 658 STO 1996 |p 3361497 |r 2025-01-15 |w 2019-11-19 |y BK |k ICO | ||
| 952 | |0 0 |1 0 |4 0 |6 658_000000000000000_STO_1996 |7 0 |8 A |9 291849 |a BIBENE |b BIBENE |d 2019-11-19 |i 3366480 |o 658 STO 1996 |p 3366480 |r 2025-01-15 |w 2019-11-19 |y BK |k ICO | ||
| 952 | |0 0 |1 0 |4 0 |6 658_000000000000000_STO_1996 |7 0 |8 A |9 291850 |a BIBGIM |b BIBGIM |d 2019-11-19 |i 3414256 |o 658 STO 1996 |p 3414256 |r 2025-01-15 |w 2019-11-19 |y BK |k GIM | ||
| 952 | |0 0 |1 0 |4 0 |6 658_000000000000000_STO_1996 |7 0 |8 A |9 291851 |a BIBGIM |b BIBGIM |d 2019-11-19 |i 3414264 |o 658 STO 1996 |p 3414264 |r 2025-01-15 |w 2019-11-19 |y BK |k GIM | ||
| 952 | |0 0 |1 0 |4 0 |6 658_000000000000000_STO_1996 |7 0 |8 A |9 291852 |a BIBENE |b BIBENE |d 2019-11-19 |i 3916375 |o 658 STO 1996 |p 3916375 |r 2025-01-15 |w 2019-11-19 |y BK |k ICO | ||
| 952 | |0 0 |1 0 |4 0 |6 658_000000000000000_STO_1996 |7 0 |8 A |9 291853 |a BIBALI |b BIBALI |c GEN |d 2019-11-19 |i 3969088 |o 658 STO 1996 |p 3969088 |r 2025-01-20 |w 2019-11-19 |y BK |k ALI | ||